Slovenská doprava v premene

Podstata štrukturálnych a funkčných zmien vo svetovej doprave. Meniaca sa pozícia dopravy vo svetovom obchode. Vplyv rozvoja informatiky a telekomunikácií na dopravu. Medzikontinentálna a kontinentálna doprava v procese globalizácie. Svetový dopravný systém. Železničná a cestná doprava v EÚ.

Gespeichert in:
Bibliographische Detailangaben
1. Verfasser: Hansenová, Heda
Format: Buchkapitel
Sprache:Slowakisch
Schlagworte:
Tags: Tag hinzufügen
Keine Tags, Fügen Sie das erste Tag hinzu!

MARC

LEADER 00000naa a2200000 4500
001 r047158
005 20230825103649.6
041 0 |a slo 
044 |a SK 
245 1 0 |a Slovenská doprava v premene  |c Heda Hansenová 
520 |a Podstata štrukturálnych a funkčných zmien vo svetovej doprave. Meniaca sa pozícia dopravy vo svetovom obchode. Vplyv rozvoja informatiky a telekomunikácií na dopravu. Medzikontinentálna a kontinentálna doprava v procese globalizácie. Svetový dopravný systém. Železničná a cestná doprava v EÚ. 
610 2 0 |a doprava cestná 
610 2 0 |a doprava letecká 
610 2 0 |a doprava námorná 
610 2 0 |a doprava riečna 
610 2 0 |a doprava železničná 
610 2 0 |a doprava medzinárodná 
610 2 0 |a obchod zahraničný 
610 2 0 |a Slovensko 
610 2 0 |a Európska únia 
100 1 |a Hansenová, Heda